00869nam a2200205 a 450000100100000000500170001000800410002702000180006804000250008608200160011110000420012724500570016926000360022630000210026204900090028395201200029295201140041295201200052699900170064600002816820200930031415.0110407s2011 dr 000 f spa d a9789945163872 aDO-SdBNPbspacBNPHU axxxxbP515j1 aPeynado C., Héctor R.d1949-95516610aJuego de amantes :bNovela /cHéctor R. Peynado C. aSanto Domingo :bBúho,c2011. a123 p. ;c21 cm. aBNPD 0010718DSaGRbGRcCTd2011-04-07iLF1l0oxxxx P515jp28168-30r2020-06-25te. 3w2020-06-25yLFDSZNo se presta 0010718PDaPDbPDcCTd2011-04-07iLF1l0oxxxx P515jp28168-10r2020-06-25w2020-06-25yLFPDZNo se presta 0010718PDaPDbPDcCTd2011-04-07iLF1l0oxxxx P515jp28168-20r2020-06-25te. 2w2020-06-25yLFPDZNo se presta c27660d27660